Mercentile Law (Record no. 967)

MARC details
000 -LEADER
fixed length control field 00418nam a22001697a 4500
005 - DATE AND TIME OF LATEST TRANSACTION
control field 20180417115801.0
008 - FIXED-LENGTH DATA ELEMENTS--GENERAL INFORMATION
fixed length control field 160518b xxu||||| |||| 00| 0 eng d
020 ## - INTERNATIONAL STANDARD BOOK NUMBER
ISBN 978-81-259-3124-9
041 ## - LANGUAGE CODE
Language code of text/sound track or separate title eng
082 ## - DEWEY DECIMAL CLASSIFICATION NUMBER
Item number 2656
Classification number 346.07
100 ## - MAIN ENTRY--AUTHOR NAME
Personal name Kuchhal M.C.
245 ## - TITLE STATEMENT
Title Mercentile Law
260 ## - PUBLICATION, DISTRIBUTION, ETC. (IMPRINT)
Place of publication New Delhi
Name of publisher Vikas Publishing House (P) Ltd.
Year of publication 1978
300 ## - PHYSICAL DESCRIPTION
Number of Pages 672
650 ## - SUBJECT ADDED ENTRY--TOPICAL TERM
Topical Term Management
942 ## - ADDED ENTRY ELEMENTS (KOHA)
Koha item type Books
Holdings
Lost status Damaged status Collection code Home library Current library Shelving location Date acquired Cost, normal purchase price Full call number Accession Number Koha item type
    LAW JRU Library JRU Library SHELF-31-B 18/05/2016 250.00 346.07 2656 Books
    LAW JRU Library JRU Library SHELF-31-B 18/05/2016 250.00 346.07 2657 Books
    LAW JRU Library JRU Library SHELF-31-B 18/05/2016 250.00 346.07 2658 Books
    LAW JRU Library JRU Library SHELF-31-B 18/05/2016 250.00 346.07 2659 Books
    LAW JRU Library JRU Library SHELF-31-B 18/05/2016 250.00 346.07 2660 Books
    LAW JRU Library JRU Library SHELF-31-B 18/05/2016 250.00 346.07 2661 Books
    LAW JRU Library JRU Library SHELF-31-B 18/05/2016 250.00 346.07 2662 Books
    LAW JRU Library JRU Library SHELF-31-B 18/05/2016 250.00 346.07 2663 Books
    LAW JRU Library JRU Library SHELF-31-B 18/05/2016 250.00 346.07 2664 Books
    LAW JRU Library JRU Library SHELF-31-B 18/05/2016 250.00 346.07 2665 Books